Hauptstädte Osteuropas Quiz - Statistiken

Allgemein
  • Dieses Quiz wurde 104 mal gespielt
  • Das Durchschnittsergebnis liegt bei 17 aus 21
Antwortstatistiken
Land Antwort % Korrekt
Ungarn Budapest
97%
Ukraine Kiew
97%
Russland Moskau
97%
Tschechien Prag
97%
Polen Warschau
96%
Belarus Minsk
96%
Lettland Riga
94%
Rumänien Bukarest
93%
Bulgarien Sofia
93%
Kroatien Zagreb
93%
Estland Tallinn
90%
Bosnien und Herzegowina Sarajevo
90%
Albanien Tirana
90%
Serbien Belgrad
88%
Slowenien Ljubljana
81%
Slowakei Bratislava
76%
Kosovo Priština
74%
Nordmazedonien Skopje
65%
Montenegro Podgorica
63%
Litauen Wilna
16%
Moldawien Kischinau
15%
Keine übereinstimmenden Quizze gefunden
Verteilung der Resultate
Anzahl Personen mit jedem Resultat
Perzentil nach korrekt beantworteten Fragen
Ihre Resultats-Entwicklung
Sie haben dieses Quiz noch nicht gespielt